| 000 | 01070cam a2200301 a 4500 | ||
|---|---|---|---|
| 001 | 16957539 | ||
| 005 | 20170105102905.0 | ||
| 008 | 110912s2012 enka b 001 0 eng | ||
| 010 | _a 2011037964 | ||
| 020 | _a9780415506717 (hb : alk. paper) | ||
| 020 | _a9780203124840 (eb : alk. paper) | ||
| 040 |
_aDLC _cDLC _dDLC |
||
| 042 | _apcc | ||
| 043 | _aa-si--- | ||
| 050 | 0 | 0 |
_aHT243.S55 _bC37 2012 |
| 082 | 0 | 0 |
_a307.76095957 _223 |
| 245 | 0 | 0 |
_aCase studies in public governance : _bbuilding institutions in Singapore / _cedited by June Gwee. |
| 260 |
_aAbingdon, Oxon ; _aNew York : _bRoutledge, _c2012. |
||
| 300 |
_axvii, 193 p. : _bill. ; _c24 cm. |
||
| 504 | _aIncludes bibliographical references and index. | ||
| 650 | 0 |
_aUrban ecology (Sociology) _zSingapore. |
|
| 650 | 0 |
_aLand use, Urban _zSingapore. |
|
| 650 | 0 |
_aCity planning _zSingapore. |
|
| 700 | 1 |
_aGwee, June, _d1967- |
|
| 906 |
_a7 _bcbc _corignew _d1 _eecip _f20 _gy-gencatlg |
||
| 942 |
_2ddc _cBK |
||
| 999 |
_c14825 _d14825 |
||